000 00417 a2200169 4500
001 066969
003 OSt
005 20211022122332.0
008
082 _a220.66
_bB47B
245 1 _aModern critical view: the Bible
_cedited by Harold Bloom
260 _aUSA
_bChelsa House
_c1987
300 _a350p.
690 _aEnglish
700 _aBloom, Harold
_eEditor
942 _2ddc
_cBK
999 _c960
_d960